| 000 | 00788nam a2200205 a 4500 | ||
|---|---|---|---|
| 001 | BRCA_554 | ||
| 005 | 20190320203048.0 | ||
| 008 | 910610s1991 nyua---###---#000-0#eng-d | ||
| 020 | _a1853269557 | ||
| 040 |
_aUUP _cUUP _dFVC |
||
| 050 | 4 |
_aNK1370 _b.M43 1991 |
|
| 245 | 1 | 0 |
_aMedieval Ornament _bfrom the 9th to the 16th century. |
| 260 |
_aHertfordshire, Inglaterra _bWordsworth _c1991 |
||
| 300 |
_a1 v. (sin paginación) _bil. a color, 48 láminas _c37 cm. |
||
| 440 | 0 |
_aThe Cambridge Library of Ornamental Art _91911 |
|
| 500 | _aSubtítulo de la cubierta: Medieval Ornament : from the 11th to the 14th century | ||
| 650 | 1 | 4 |
_aDecoración y ornamentación _xHistoria _ySiglo IX-XVI _91912 |
| 650 | 1 | 4 |
_aDecoración y ornamentación medieval _xObras maestras _zEuropa _91913 |
| 942 |
_2lcc _cB |
||
| 999 |
_c485 _d485 |
||